Taller de textos : (Record no. 7964)

MARC details
000 -LEADER
campo de control de longitud fija 00782nam a2200229 4500
001 - NÚMERO DE CONTROL
campo de control bimo0002148227
003 - IDENTIFICADOR DE NÚMERO DE CONTROL
campo de control MX-LbUP
005 - FECHA Y HORA DE LA ÚLTIMA TRANSACCIÓN
campo de control 20250113122649.0
008 - DATOS DE LONGITUD FIJA--INFORMACIÓN GENERAL
campo de control de longitud fija 061211s2006 sp | | ||| ||spa
020 ## - NÚMERO INTERNACIONAL ESTÁNDAR DEL LIBRO
Número Internacional Estándar del Libro 9788449319358
040 ## - FUENTE DE CATALOGACIÓN
Centro catalogador/agencia de origen SpMaBN
Lengua de catalogación spa
Centro/agencia transcriptor SpMaBN
Normas de descripción rdc
Centro/agencia modificador MX-LbUP
050 14 - SIGNATURA TOPOGRÁFICA DE LA BIBLIOTECA DEL CONGRESO
Número de clasificación PC4410
Número de ítem C37 2006
100 1# - ENTRADA PRINCIPAL--NOMBRE DE PERSONA
Nombre de persona Cassany, Daniel
Fechas asociadas al nombre 1961-
Término indicativo de función/relación autor
9 (RLIN) 12230
245 10 - MENCIÓN DEL TÍTULO
Título Taller de textos :
Resto del título leer, escribir y comentar en el aula /
Mención de responsabilidad, etc. Daniel Cassany
260 ## - PUBLICACIÓN, DISTRIBUCIÓN, ETC.
Lugar de publicación, distribución, etc. Barcelona, España :
Nombre del editor, distribuidor, etc. Paidós.
Fecha de publicación, distribución, etc. 2006
300 ## - DESCRIPCIÓN FÍSICA
Extensión 187 páginas :
Otras características físicas ilustraciones ;
Dimensiones 23 cm.
490 ## - MENCIÓN DE SERIE
Mención de serie Papeles de pedagogía
9 (RLIN) 14673
500 ## - NOTA GENERAL
Nota general Incluye índice.
650 #0 - PUNTO DE ACCESO ADICIONAL DE MATERIA--TÉRMINO DE MATERIA
Término de materia o nombre geográfico como elemento de entrada Español
Subdivisión general Estilo
Subdivisión de forma Manuales
9 (RLIN) 2095
650 #0 - PUNTO DE ACCESO ADICIONAL DE MATERIA--TÉRMINO DE MATERIA
Término de materia o nombre geográfico como elemento de entrada Comunicación escrita
Subdivisión general Estudio y enseñanza
Subdivisión de forma Manuales, etc.
9 (RLIN) 9585
942 ## - ELEMENTOS DE ENTRADA SECUNDARIOS (KOHA)
Fuente del sistema de clasificación o colocación Clasificación de Library of Congress
Tipo de ítem Koha Libro
Holdings
Estatus retirado Estado de pérdida Fuente del sistema de clasificación o colocación Estado de daño No para préstamo Biblioteca de origen Biblioteca actual Fecha de adquisición Número de inventario Total de préstamos Signatura topográfica completa Código de barras Visto por última vez Copia número Precio de reemplazo Tipo de ítem Koha
    Clasificación de Library of Congress     Tuxtepec Tuxtepec 24/11/2023 TX005879   PC4410 C37 2006 TX005879 24/11/2023 Ej. 1 24/11/2023 Libro
  
Av. Ferrocarril s/n, CD. Universitaria, Loma Bonita, Oax., México C.P. 68400
Circuito Central #200, colonia Parque Industrial, Tuxtepec, Oax., México C.P. 68301